000 09120nam2a22004811 4500
001 RU\NLR\A1\20305
005 20260608064426.0
035 _a(NLR Aleph) 009675764
090 _a13474689
_c13474689
100 _a19980926d1768 m y0rusy50 ca
101 1 _arus
_cfre
135 _acrcn 024anaba
140 _ay j ekbga yaa0000
200 1 _a[Известие о Японе и о вине гонения на христиан.
_fПереведено чрез Степана Коровина синбиренина]
215 _a[2], 128 с., [1] л. карт.
316 _aЭкз. РНБ (18.330.66(ч.1)) в одном пер. с ч.2-3. В коричневом цельнокожаном пер. На нижней крышке пер. ярлык с шифром РНБ и штамп электронной б-ки. Корешок с 5-ю бинтами и блинтовым тиснением (снизу надорван). На корешке вытиснено: "История о Японе". Внизу корешка наклейка с указанием порядкового номера кн. на полке: "66". Обрез тонир. крас. Форзац и нахзац из бумаги "павлинье перо". На форзаце ярлык-марка с шифром РНБ. На обороте форзаца рукоп. шифр РНБ и запись библиогр. характера (чернила). На обороте тит. л. книгопродавч. марка Кн. лавки АН (сова). С.1-2 (К читателю) и шмуцтит. припл. между с.8 и 13. С.9-12 приплетены между с.16 и 17. В экз. припл. все ил. из ч.2-3. Паг. экз.: [2], 5-8, 1-4, 13-16, 9-12, 17-128 с., [1] л. карт., [4] л. ил. Потеки на тит. л., с.5-8, 1-4, 13-16, 9-12, 17-28, 105-128. Размер: 19,0х12,1х3,4 см
_5NLR: 18.330.66(ч.1)
316 _aЭкз. РНБ (18.330.66(ч.1)а): ч.1-3 в одном пер. Сплетены в порядке: ч.3, ч.1, ч.2; Общий тит. л. (с.[1-2]) вплетен в начале конволюта перед ч.3. В картон. коричневом марморир. цельнокожаном пер. На верхней крышке пер. фрагм. ярлыка. На нижней крышке пер. ярлык со старым шифром. Корешок гладкий, с тиснением золотом. На корешке крас. кожаная наклейка, с тиснением золотом "Описание о Японе" и 2 бумаж. наклейки: с порядковым номером книги на полке "66" и "Кар". Обрез тонир. желтый. На форзаце ярлык-марка с шифром РНБ, ярлык со старым шифром и записи библиотечно-техн. характера. На обороте тит. л. книгопродавч. марка Кн. лавки АН (сова). Экз. деф.: утр. лист карт.
_5NLR: 18.330.66(ч.1)а
316 _aЭкз. РНБ (РЗФ 18 в. 3/1207 (ч.2)): ч.1-3 в одном пер. В картон. коричневом марморир. цельнокожаном пер. На крышках пер. золотом вытиснена орнам. рамка. На нижней крышке пер. экслибрис РЗФ ГПБ с шифром. Корешок с 5-ю бинтами, с тиснением золотом. На корешке золотом вытисн суперэкслибрис: "Д.Т.", зеленая кожаная наклейка, на которой золотом вытиснено загл.: "Описание о Японе" и бумаж. наклейка с номером "1622.". Обрез тонир. желтый. Форзац и нахзац из мрамор. бумаги. На листе, вклеен. при пер. работах перед форзацем пометы. На нахзаце техн. штамп. На тит. л. штамп РПБ в венке с датой: 1919 и круглый штамп "Госуд. Публичн. библиотека Дублет". На обороте тит. л. книгопродавч. марка Кн. лавки АН (сова). Экз. деф.: утр. лист карт.
_5NLR: РЗФ 18 в. 3/1207 (ч.2)
316 _aЭкз. РНБ (РЗФ 18 в. 3/1207 (ч.2)а): ч.1-3 в одном пер. В картон. коричневом цельнокожаном пер. На нижней крышке пер. экслибрис РЗФ ГПБ с шифром. Корешок с 5-ю бинтами, с тиснением золотом. Фрагм. корешка утрачен, заклеен хоз. бумагой. Позолота почти полностью утрачена. На корешке крас. кожаная наклейка, на которой вытиснено: "Описание о История Японе". Обрез тонир. крас. Правая сторона форзаца утрачена. ярлык со старым шифром и техн. пометы. На нахзаце техн. штамп. На тит. л. штамп РПБ в венке с датой: 1919 и круглый штамп "Госуд. Публичн. библиотека Дублет". На обороте тит. л. книгопродавч. марка Кн. лавки АН (сова). По всему кн. блоку потеки. К с.38 приплетен лист ил. к с.39 из ч.3. К с.94 приплетен л. ил. к с.94 ч.3. К с.104 приплетен лист ил. к с.28 ч.2. Листы ил. ветхие. Экз. деф.: утр. л. карт.
_5NLR: РЗФ 18 в. 3/1207 (ч.2)а
317 _aВ экз. РНБ (18.330.66(ч.1)) на нахзаце шрифтовой ярлык "Антикварная книжная торговля В. И. Клочкова"
_5NLR: 18.330.66(ч.1)
325 1 _aКопия доступна в электронной библиотеке РНБ
461 1 _1001RU\NLR\A1\20304
_12000#$aОписание о Японе,$eсодержащее в себе три части, то есть: Известие о Японе и о вине гонения на християн, Историю о гонении християн в Японе и Последование странствования Генрика Гагенара, которое исправною ландкартою и изрядными фигурами украшено$v[Ч.1]
_99681811
_cВ Санктпетербурге
_d1768
_eНапечатано вторым тиснением
_nпри Императорской Академии наук
_oсодержащее в себе три части, то есть: Известие о Японе и о вине гонения на християн, Историю о гонении християн в Японе и Последование странствования Генрика Гагенара, которое исправною ландкартою и изрядными фигурами украшено
_tОписание о Японе,
_v[Ч.1]
481 0 _1001RU\NLR\A1\20306
_913474690
_fПереведена чрез Ивана Горлицкаго]
_p62 с., [1] л. ил.
_tОписание о Японе,. - [История о гонении на христиан бывшем в Японе.
_uhttp://vivaldi.nlr.ru/bx000074845/view
481 0 _1001RU\NLR\A1\20307
_913474691
_fСочиненное чрез Франциска Карона.
_p[2], 163, [1] с., [3] л. ил.
_tОписание о Японе,. - [Последование странствования Генрика Гагенара в Восточную Индию.
_uhttp://vivaldi.nlr.ru/bx000074846/view
517 1 _aИзвестие о Японе и о вине гонения на христиан
518 1 _aИзвестие о Японии и о вине гонения на христиан
702 1 _aКоровин
_bС. М.
_fок. 1700-1741
_gСтепан Михайлович
_4730
702 1 _4160
_7ca
_8rus
_aКлочков
_bВ. И.
_fок.1861-1915
_gВасилий Иванович
_3RU\NLR\AUTH\770172651
_9172600
801 0 _aRU
_bNLR
_c19980926
852 _aNLR
_j18.330.66(ч.1)
852 _aNLR
_j18.330.66(ч.1)а
_yЭкз. деф.
852 _aNLR
_bРЗФ
_j18 в. 3/1207 (ч.1)
_yЭкз. деф.
852 _aNLR
_bРЗФ
_j18 в. 3/1207 (ч.1)а
_yЭкз. деф.
856 0 _uhttp://vivaldi.nlr.ru/bx000074844/view
856 1 _uhttp://vivaldi.nlr.ru/bx000074844/cover
856 2 _uhttp://vivaldi.nlr.ru/bx000074844/text
901 _eКнижные издания
942 _cBOOK
980 _aA1XVIIIv
980 _aNB
981 2 0 _a(20) Книжные памятники РНБ
_b(20) Русский книжный фонд